• 首页
  • 本馆介绍
  • 公告通知
  • 最新文献
  • 馆藏检索
  • 电子资源
  • 读者导购
  • 参考咨询
  • 我的图书馆
  • 登录
  • 详细信息显示
  • 放入我的书架
  • 预约/预借图书
  • 作者相关作品
  • 分类相关作品
  • 丛书相关作品
  • 出版社相关作品

书目信息

  • 表格格式
  • 工作单格式
  • 卡片格式
题名:
宋代福建史新编
    
 
作者: 徐晓望 著
分册:  
出版信息: 北京   线装书局  2013
页数: 573页
开本: 24cm
丛书名:
单 册:
中图分类: K295.7
科图分类:
主题词: 地方史
电子资源:
ISBN: 978-7-5120-0973-8
000 00832nam0 2200265 450
001 012001002546
005 20140926114740.0
010    @a978-7-5120-0973-8@dCNY78.00
090    @aK295.7@bxxw
100    @a20140429d2013 em y0chiy50 ea
101 0  @achi
102    @aCN@b110000
105    @ay z 000yy
106    @ar
200 1  @a宋代福建史新编@9song dai fu jian shi xin bian@f徐晓望著
210    @a北京@c线装书局@d2013
215    @a573页@d24cm
330    @a本书内容包括:宋朝对福建的统治、南宋福建的治乱、宋代福建的人口与粮食、宋代福建的小商品生产、宋代福建的商业与城镇、宋代泉州市舶司与海外贸易等。
606 0  @a地方史
607    @a福建@x地方史@z宋代
607    @a福建
690    @aK295.7@v5
701  0 @a徐晓望@9xu xiao wang@f(1954~)@4著
801  0 @aCN@b上海新华@c20180901
905    @b1161050-4@dK295.7@e387@f5
    
    宋代福建史新编/徐晓望著.-北京:线装书局,2013
    573页;24cm
    
    
    ISBN 978-7-5120-0973-8:CNY78.00
    本书内容包括:宋朝对福建的统治、南宋福建的治乱、宋代福建的人口与粮食、宋代福建的小商品生产、宋代福建的商业与城镇、宋代泉州市舶司与海外贸易等。
●
相关链接 在E读中查询图书 在五车中查询图书 在当当中查询图书 在豆瓣中查询图书


正题名:宋代福建史新编     索取号:K295.7/387         预约/预借

序号 登录号 条形码 馆藏地/架位号 状态 备注
1 1161050   211610504   第二样本阅览室/ [索取号:K295.7/387] 在馆    
2 1161051   211610513   密集书库-史法系/ [索取号:K295.7/387] 在馆    
3 1161052   211610522   第二借阅区/ [索取号:K295.7/387] 在馆    
4 1161053   211610531   第二借阅区/ [索取号:K295.7/387] 在馆    
5 1161054   211610540   第二借阅区/ [索取号:K295.7/387] 在馆    
唐山师范学院图书馆 欢迎您!
大连网信软件有限公司© 版权所有